[Event "Wch U14"]
[Site "Kemer"]
[Date "2009.11.22"]
[Round "11"]
[White "Bujnosek, Tomas"]
[Black "Sattarov, Bobir"]
[Result "0-1"]
[WhiteElo "1932"]
[BlackElo "2069"]
[PlyCount "86"]
[EventDate "2009.11.12"]
[EventType "swiss"]
[EventRounds "11"]
[EventCountry "TUR"]
[SourceTitle "EXT 2010"]
[Source "ChessBase"]
[SourceDate "2010.11.25"]
[SourceVersion "1"]
[SourceVersionDate "2010.11.25"]
[SourceQuality "1"]

1. e4 e5 2. Nf3 Nc6 3. Bb5 a6 4. Ba4 Nf6 5. 0-0 Be7 6. Re1 b5 7. Bb3 d6 8. c3 0-0 9. h3 Na5 10. Bc2 c5 11. d4 Qc7 12. d5 Nc4 13. b3 Nb6 14. Nbd2 c4 15. b4 a5 16. Nf1 axb4 17. cxb4 Na4 18. Ng3 Bd7 19. a3 Rfc8 20. Bg5 h6 21. Be3 Nb2 22. Qe2 Ra6 23. Ra2 c3 24. Bc1 Rca8 25. Bxb2 cxb2 26. Bb3 Rxa3 27. Rxa3 Rxa3 28. Qxb2 Qa7 29. Nd2 Bd8 30. Nb1 Ra1 31. Re2 Bb6 32. Ba2 Bd4 33. Qc2 Qa3 34. Nf1 Qxb4 35. Nfd2 Qb2 36. Nb3 Rxa2 37. Nxd4 Qxc2 38. Nxc2 b4 39. Rd2 Nxe4 40. Re2 b3 41. Nd4 exd4 42. Rxe4 Ra1 43. Re1 Bf5 0-1

[Event "Wch U14"]
[Site "Kemer"]
[Date "2009.11.19"]
[Round "8"]
[White "Bujnosek, Tomas"]
[Black "Grandadam, Patrick"]
[Result "1-0"]
[WhiteElo "1932"]
[BlackElo "2133"]
[PlyCount "51"]
[EventDate "2009.11.12"]
[EventType "swiss"]
[EventRounds "11"]
[EventCountry "TUR"]
[SourceTitle "EXT 2010"]
[Source "ChessBase"]
[SourceDate "2010.11.25"]
[SourceVersion "1"]
[SourceVersionDate "2010.11.25"]
[SourceQuality "1"]

1. e4 e5 2. Nf3 Nc6 3. Bb5 Nf6 4. 0-0 Nxe4 5. d4 Nd6 6. Bxc6 dxc6 7. Nxe5 Be7 8. Nc3 0-0 9. Re1 Bf5 10. Ne2 Re8 11. Ng3 Be6 12. c3 Bd5 13. Qg4 Qc8 14. Qf4 h6 15. h4 Qd8 16. Nh5 Bxh4 17. Qg4 Bg5 18. f4 Be6 19. Qf3 Be7 20. g4 Bd5 21. Qd3 Bf8 22. g5 hxg5 23. fxg5 Nc4 24. Qg3 Nxe5 25. Rxe5 f6 26. gxf6 1-0

[Event "Wch U14"]
[Site "Kemer"]
[Date "2009.11.18"]
[Round "7"]
[White "Gu, In Jung"]
[Black "Bujnosek, Tomas"]
[Result "0-1"]
[WhiteElo "1710"]
[BlackElo "1932"]
[PlyCount "68"]
[EventDate "2009.11.12"]
[EventType "swiss"]
[EventRounds "11"]
[EventCountry "TUR"]
[SourceTitle "EXT 2010"]
[Source "ChessBase"]
[SourceDate "2010.11.25"]
[SourceVersion "1"]
[SourceVersionDate "2010.11.25"]
[SourceQuality "1"]

1. e4 e5 2. Nf3 Nc6 3. Bb5 a6 4. Ba4 Nf6 5. 0-0 b5 6. Bb3 Be7 7. Re1 d6 8. h3 Na5 9. c3 Nxb3 10. axb3 Bb7 11. d3 0-0 12. Nbd2 c5 13. Nf1 Qc7 14. Ng3 g6 15. Bh6 Rfd8 16. d4 c4 17. Qc2 Rac8 18. Rad1 Nd7 19. Qd2 a5 20. Ng5 d5 21. exd5 Bxd5 22. dxe5 Nxe5 23. Qe3 f6 24. N5e4 Nd3 25. Re2 Bf7 26. Qf3 f5 27. Nd2 Bd5 28. Qe3 Bc5 29. Qg5 Re8 30. Rxe8+ Rxe8 31. Rf1 Qe5 32. Nh5 Nxf2 33. Rxf2 Bxf2+ 34. Kh1 Qe1+ 0-1

[Event "Wch U14"]
[Site "Kemer"]
[Date "2009.11.16"]
[Round "5"]
[White "Jung, Young Hoon"]
[Black "Bujnosek, Tomas"]
[Result "1-0"]
[WhiteElo "1728"]
[BlackElo "1932"]
[PlyCount "79"]
[EventDate "2009.11.12"]
[EventType "swiss"]
[EventRounds "11"]
[EventCountry "TUR"]
[SourceTitle "EXT 2010"]
[Source "ChessBase"]
[SourceDate "2010.11.25"]
[SourceVersion "1"]
[SourceVersionDate "2010.11.25"]
[SourceQuality "1"]

1. d4 d5 2. c4 c6 3. Nf3 Nf6 4. Qc2 e6 5. Bg5 Be7 6. e3 Nbd7 7. Nc3 0-0 8. cxd5 exd5 9. Bd3 Re8 10. 0-0 a5 11. a3 b6 12. Bxf6 Nxf6 13. Ne5 Bb7 14. f4 c5 15. Qf2 Ba6 16. Bxa6 Rxa6 17. g4 Ne4 18. Nxe4 dxe4 19. Nc6 Qd7 20. Ne5 Qd5 21. Qe2 Raa8 22. Rfd1 Rad8 23. Rac1 Qb3 24. Nc6 Rd5 25. Nxe7+ Rxe7 26. dxc5 bxc5 27. Rxd5 Qxd5 28. Rd1 Qe6 29. f5 Qe5 30. Qb5 Re8 31. Rd5 Qe7 32. Rxc5 Rd8 33. Re5 Rd1+ 34. Kg2 Rd2+ 35. Kf1 Rd1+ 36. Ke2 Re1+ 37. Kxe1 Qh4+ 38. Kd1 Qxg4+ 39. Qe2 Qg1+ 40. Kc2 1-0

[Event "Wch U14"]
[Site "Kemer"]
[Date "2009.11.12"]
[Round "1"]
[White "Pardo Simon, David"]
[Black "Bujnosek, Tomas"]
[Result "1-0"]
[WhiteElo "2334"]
[BlackElo "1932"]
[PlyCount "77"]
[EventDate "2009.11.12"]
[EventType "swiss"]
[EventRounds "11"]
[EventCountry "TUR"]
[SourceTitle "EXT 2010"]
[Source "ChessBase"]
[SourceDate "2010.11.25"]
[SourceVersion "1"]
[SourceVersionDate "2010.11.25"]
[SourceQuality "1"]

1. e4 e5 2. Nf3 Nc6 3. Bb5 a6 4. Ba4 Nf6 5. 0-0 Be7 6. Re1 b5 7. Bb3 d6 8. a4 b4 9. c3 0-0 10. h3 Rb8 11. d4 bxc3 12. bxc3 Bb7 13. Nbd2 Nd7 14. Nc4 Bf6 15. Rb1 Re8 16. Bc2 Ba8 17. d5 Ne7 18. Be3 Nb6 19. g3 Nd7 20. Qe2 g6 21. Na5 c6 22. Nxc6 Bxc6 23. dxc6 Nxc6 24. Qxa6 Qc7 25. Qc4 Rec8 26. Bb3 Nf8 27. a5 Qe7 28. Qa4 Ra8 29. a6 Qd7 30. Bd5 Nd4 31. Qd1 Nc6 32. Rb7 Rc7 33. Rxc7 Qxc7 34. Qa4 Rc8 35. Bxc6 Qxc6 36. Qxc6 Rxc6 37. a7 Rc8 38. Rb1 Nd7 39. Rb7 1-0

[Event "CZE-chTE U20 0910"]
[Site "Czech Republic"]
[Date "2009.10.04"]
[Round "3.3"]
[White "Bujnosek, Tomas"]
[Black "Seidl, Stepan"]
[Result "0-1"]
[WhiteElo "1894"]
[BlackElo "1964"]
[PlyCount "70"]
[EventDate "2009.10.03"]
[EventType "team-tourn"]
[EventRounds "7"]
[EventCountry "CZE"]
[SourceTitle "EXT 2011"]
[Source "ChessBase"]
[SourceDate "2010.11.26"]
[SourceVersion "1"]
[SourceVersionDate "2010.11.26"]
[SourceQuality "1"]
[WhiteTeam "Frydek Mistek (U20)"]
[BlackTeam "Bedrichov (U20)"]
[WhiteTeamCountry "CZE"]
[BlackTeamCountry "CZE"]

1. e4 e5 2. Nf3 Nf6 3. Nc3 Nc6 4. Bb5 Nd4 5. Bc4 d6 6. h3 Be6 7. Bxe6 fxe6 8. d3 Nxf3+ 9. Qxf3 d5 10. Bg5 Bb4 11. Bxf6 Qxf6 12. Qxf6 gxf6 13. 0-0 0-0-0 14. Rad1 Bxc3 15. bxc3 dxe4 16. dxe4 Rd6 17. Rd3 Kd7 18. Rb1 Kc6 19. Kf1 f5 20. Rb4 Rg8 21. Rc4+ Kd7 22. Rb4 b6 23. g3 Rg7 24. Ke2 Kc6 25. Rf3 a5 26. Rb2 fxe4 27. Re3 Kd5 28. Rb5+ c5 29. Rb1 Rgd7 30. Rd1+ Kc4 31. Rxe4+ Kxc3 32. Rxd6 Rxd6 33. Rxe5 Kxc2 34. Rh5 Kb2 35. Rxh7 c4 0-1

[Event "Stare Mesto op"]
[Site "Stare Mesto"]
[Date "2009.08.14"]
[Round "1"]
[White "Zakhartsov, Viacheslav V"]
[Black "Bujnosek, Tomas"]
[Result "1-0"]
[WhiteElo "2541"]
[BlackElo "1887"]
[PlyCount "63"]
[EventDate "2009.08.14"]
[EventType "swiss"]
[EventRounds "10"]
[EventCountry "CZE"]
[SourceTitle "CBM 131 Extra"]
[Source "ChessBase"]
[SourceDate "2009.09.03"]
[SourceVersion "2"]
[SourceVersionDate "2009.09.16"]
[SourceQuality "1"]

1. d4 d5 2. c4 c6 3. Nf3 Nf6 4. Nc3 e6 5. e3 Bd6 6. Bd3 dxc4 7. Bxc4 b5 8. Bd3 Bb7 9. e4 Bc7 10. 0-0 h6 11. e5 Nd5 12. Nxd5 Qxd5 13. Qc2 Na6 14. a3 Rc8 15. Be3 Bb6 16. Rfd1 Nc7 17. Nd2 0-0 18. Ne4 Ne8 19. Qc3 f5 20. Nc5 Rf7 21. f4 a5 22. Rac1 Ba8 23. Bc2 a4 24. b3 Nc7 25. bxa4 Qd8 26. Bb3 Qe7 27. axb5 cxb5 28. Nxe6 Kh7 29. Nxc7 Rxc7 30. Qb4 Rxc1 31. Rxc1 Qb7 32. Qd2 1-0

[Event "CZE-ch U14"]
[Site "Kouty nad Desnou"]
[Date "2009.03.13"]
[Round "8"]
[White "Bujnosek, Tomas"]
[Black "Balacek, Tadeas"]
[Result "1-0"]
[WhiteElo "1879"]
[BlackElo "1988"]
[PlyCount "73"]
[EventDate "2009.03.07"]
[EventType "swiss"]
[EventRounds "9"]
[EventCountry "CZE"]
[SourceTitle "EXT 2011"]
[Source "ChessBase"]
[SourceDate "2010.11.26"]
[SourceVersion "1"]
[SourceVersionDate "2010.11.26"]
[SourceQuality "1"]

1. e4 e6 2. d4 d5 3. Nc3 Nf6 4. Bg5 Be7 5. e5 Nfd7 6. Bxe7 Qxe7 7. f4 a6 8. Nf3 c5 9. dxc5 Qxc5 10. Bd3 Nc6 11. Qd2 b5 12. h4 f6 13. exf6 Nxf6 14. h5 0-0 15. h6 g6 16. 0-0-0 b4 17. Na4 Qa5 18. b3 Qc7 19. Rde1 Bd7 20. g3 a5 21. Ng5 Nd8 22. f5 gxf5 23. Bxf5 exf5 24. Re7 Qd6 25. Rg7+ Kh8 26. Qd4 Ne6 27. Rxh7+ Kg8 28. Rg7+ Nxg7 29. hxg7 Kxg7 30. Rh7+ Kg6 31. Rh1 Kxg5 32. Qe3+ Kg6 33. Rh6+ Kf7 34. Nc5 Rae8 35. Qg5 Re1+ 36. Kd2 Re7 37. Qg6# 1-0

[Event "CZE-ch U14"]
[Site "Kouty nad Desnou"]
[Date "2009.03.08"]
[Round "2"]
[White "Bujnosek, Tomas"]
[Black "Kraus, Tomas"]
[Result "1-0"]
[WhiteElo "1879"]
[BlackElo "2016"]
[PlyCount "45"]
[EventDate "2009.03.07"]
[EventType "swiss"]
[EventRounds "9"]
[EventCountry "CZE"]
[SourceTitle "EXT 2011"]
[Source "ChessBase"]
[SourceDate "2010.11.26"]
[SourceVersion "1"]
[SourceVersionDate "2010.11.26"]
[SourceQuality "1"]

1. e4 e5 2. Nf3 Nc6 3. Bb5 a6 4. Ba4 d6 5. 0-0 Bg4 6. h3 h5 7. d4 b5 8. Bb3 Nxd4 9. hxg4 hxg4 10. Ng5 Nxb3 11. Qd5 Nh6 12. Qc6+ Ke7 13. Nc3 Qc8 14. Nd5+ Kd8 15. axb3 Be7 16. Rd1 a5 17. Nb4 g3 18. f3 Qb8 19. Be3 Bxg5 20. Bxg5+ f6 21. Be3 f5 22. Rxd6+ cxd6 23. Bg5# 1-0

[Event "CZE-ch U14"]
[Site "Sec u Chrudimi"]
[Date "2008.03.12"]
[Round "6"]
[White "Braun, Marek"]
[Black "Bujnosek, Tomas"]
[Result "1/2-1/2"]
[WhiteElo "2101"]
[BlackElo "1820"]
[PlyCount "61"]
[EventDate "2008.03.08"]
[EventType "swiss"]
[EventRounds "9"]
[EventCountry "CZE"]
[SourceTitle "EXT 2009"]
[Source "ChessBase"]
[SourceDate "2008.11.26"]
[SourceVersion "1"]
[SourceVersionDate "2008.11.26"]
[SourceQuality "1"]

1. d4 e6 2. c4 b6 3. Nf3 Bb7 4. g3 Nf6 5. Bg2 Bb4+ 6. Bd2 Qe7 7. 0-0 Ne4 8. Bxb4 Qxb4 9. Qc2 0-0 10. Ng5 f5 11. Nxe4 fxe4 12. a3 Qd6 13. Bxe4 Bxe4 14. Qxe4 Nc6 15. e3 Rae8 16. b4 e5 17. d5 Nd8 18. Nc3 a6 19. Qg4 Nf7 20. e4 Qh6 21. h4 Nd6 22. Qe2 Rf6 23. Kg2 Ref8 24. Rad1 Rg6 25. Rh1 Rgf6 26. Rdf1 Rf3 27. Nb1 Qh5 28. Qb2 R3f7 29. c5 Nb5 30. a4 Nd4 31. Qd2 1/2-1/2

[Event "Wch U12"]
[Site "Kemer"]
[Date "2007.11.21"]
[Round "4"]
[White "Pagerka, Martin"]
[Black "Bujnosek, Tomas"]
[Result "1-0"]
[WhiteElo "2099"]
[BlackElo "1814"]
[PlyCount "46"]
[EventDate "2007.11.18"]
[EventType "swiss"]
[EventRounds "11"]
[EventCountry "TUR"]
[SourceTitle "CBM 121 Extra"]
[Source "ChessBase"]
[SourceDate "2008.01.10"]
[SourceVersion "1"]
[SourceVersionDate "2008.01.10"]
[SourceQuality "1"]

1. d4 d5 2. c4 c6 3. Nf3 Nf6 4. Nc3 e6 5. e3 Nbd7 6. Qc2 Bd6 7. Be2 0-0 8. 0-0 b6 9. b3 Bb7 10. Rd1 Rc8 11. Bb2 Qe7 12. Qd2 Rfd8 13. Rac1 c5 14. Qe1 a6 15. Qf1 h6 16. Ba3 Qe8 17. cxd5 exd5 18. Na4 Ne4 19. dxc5 Nexc5 20. Nxc5 bxc5 21. Bxa6 Bxa6 22. Qxa6 Ne5 23. Qe2 Qe6 1-0

[Event "Usti nad Labem op U10/12"]
[Site "Usti nad Labem"]
[Date "2007.06.26"]
[Round "6"]
[White "Suchomel, Ales"]
[Black "Bujnosek, Tomas"]
[Result "0-1"]
[WhiteElo "1596"]
[BlackElo "1836"]
[PlyCount "20"]
[EventDate "2007.06.21"]
[EventType "swiss"]
[EventRounds "7"]
[EventCountry "CZE"]
[SourceTitle "EXT 2008"]
[Source "ChessBase"]
[SourceDate "2007.11.25"]
[SourceVersion "1"]
[SourceVersionDate "2007.11.25"]
[SourceQuality "1"]

1. d4 d5 2. Nf3 Nf6 3. e3 Bf5 4. c4 e6 5. Nc3 Nc6 6. Qb3 Rb8 7. cxd5 exd5 8. Bb5 Bd6 9. Nxd5 Nxd5 10. Qxd5 Bb4+ 0-1

[Event "Usti nad Labem op U10/12"]
[Site "Usti nad Labem"]
[Date "2007.06.24"]
[Round "4"]
[White "Navratil, Jiri2222"]
[Black "Bujnosek, Tomas"]
[Result "1-0"]
[WhiteElo "1759"]
[BlackElo "1836"]
[PlyCount "55"]
[EventDate "2007.06.21"]
[EventType "swiss"]
[EventRounds "7"]
[EventCountry "CZE"]
[SourceTitle "EXT 2008"]
[Source "ChessBase"]
[SourceDate "2007.11.25"]
[SourceVersion "1"]
[SourceVersionDate "2007.11.25"]
[SourceQuality "1"]

1. e4 e6 2. d4 d5 3. exd5 exd5 4. c4 dxc4 5. Bxc4 Nf6 6. Ne2 Bd6 7. Nbc3 Nc6 8. 0-0 0-0 9. h3 Bd7 10. Bg5 h6 11. Bf4 Bxf4 12. Nxf4 Bf5 13. d5 Ne5 14. Bb3 Nfd7 15. Qh5 Qf6 16. d6 c6 17. Nfd5 cxd5 18. Nxd5 Qxd6 19. Qxf5 Rae8 20. Rad1 Qb8 21. Rfe1 Re6 22. f4 g6 23. Qb1 Nc6 24. Rxe6 fxe6 25. Qxg6+ Kh8 26. Qxh6+ Kg8 27. Qxe6+ Kh8 28. Qh6+ 1-0

[Event "Usti nad Labem op U10/12"]
[Site "Usti nad Labem"]
[Date "2007.06.21"]
[Round "1"]
[White "Musil, Jiri"]
[Black "Bujnosek, Tomas"]
[Result "0-1"]
[WhiteElo "1550"]
[BlackElo "1836"]
[PlyCount "84"]
[EventDate "2007.06.21"]
[EventType "swiss"]
[EventRounds "7"]
[EventCountry "CZE"]
[SourceTitle "EXT 2008"]
[Source "ChessBase"]
[SourceDate "2007.11.25"]
[SourceVersion "1"]
[SourceVersionDate "2007.11.25"]
[SourceQuality "1"]

1. e4 e5 2. Nf3 Nf6 3. Nxe5 d6 4. Nf3 Nxe4 5. d4 d5 6. Bd3 Be7 7. Nbd2 f5 8. Ne5 0-0 9. f4 c5 10. Nxe4 fxe4 11. Be2 Bh4+ 12. g3 Bf6 13. Be3 Nc6 14. Nxc6 bxc6 15. c3 Qb6 16. b3 Qa5 17. Qd2 Re8 18. Rd1 Bb7 19. h4 cxd4 20. Bxd4 Bxd4 21. Qxd4 c5 22. Qd2 e3 23. Qc2 d4 24. Rf1 Be4 25. Bd3 Bxd3 26. Rxd3 Rad8 27. a4 Kh8 28. Rf3 Qa6 29. c4 Qb7 30. Ke2 Qd7 31. f5 Rf8 32. g4 g6 33. Rfxe3 gxf5 34. g5 Qc7 35. Rh3 Rde8+ 36. Kf2 f4 37. Rdf3 Re6 38. Qd1 Rfe8 39. Rd3 Qe7 40. Rd2 Re3 41. Rd3 Re2+ 42. Kf3 Qe4+ 0-1

[Event "Tatranska Lesna op"]
[Site "Tatranska Lesna"]
[Date "2006.06.26"]
[Round "2"]
[White "Bujnosek, Tomas"]
[Black "Turkova, Karolina"]
[Result "0-1"]
[WhiteElo "1670"]
[BlackElo "1604"]
[PlyCount "106"]
[EventDate "2006.06.24"]
[EventType "swiss"]
[EventRounds "7"]
[EventCountry "SVK"]
[SourceTitle "EXT 2008"]
[Source "ChessBase"]
[SourceDate "2007.11.25"]
[SourceVersion "1"]
[SourceVersionDate "2007.11.25"]
[SourceQuality "1"]

1. e4 c5 2. Nf3 d6 3. d4 cxd4 4. Nxd4 Nf6 5. Nc3 a6 6. Be3 e6 7. f4 Be7 8. Be2 0-0 9. Bf3 Qc7 10. 0-0 Bd7 11. Qd2 Nc6 12. Nxc6 Bxc6 13. Qf2 b5 14. Bb6 Qb7 15. Rfe1 b4 16. Nd1 Bxe4 17. Bxe4 Nxe4 18. Qe3 Nc5 19. Bxc5 dxc5 20. f5 Bf6 21. Qxc5 Rfd8 22. Kh1 Rd2 23. Qg1 exf5 24. Rc1 f4 25. b3 f3 26. Nf2 Bd4 27. Rf1 Qb6 28. gxf3 Rxf2 29. Rxf2 Bxf2 30. Qg4 Qd4 31. Qg2 Re8 32. Rf1 Bh4 33. h3 h6 34. f4 Qe4 35. Rf3 Qe1+ 36. Rf1 Qg3 37. Qc6 Qxh3+ 38. Kg1 Qe3+ 39. Kh2 Qe6 40. Qb7 Qe2+ 41. Kg1 Bg3 42. Qh1 Qxf1+ 43. Kxf1 Re1+ 44. Kg2 Rxh1 45. Kxh1 Bxf4 46. Kg2 g5 47. Kf3 h5 48. Ke4 h4 49. Kd4 h3 50. Kc5 h2 51. Kxb4 h1Q 52. c4 Qc6 53. a4 g4 0-1

[Event "CZE-ch U12"]
[Site "Zlate Hory"]
[Date "2006.03.15"]
[Round "6"]
[White "Bujnosek, Tomas"]
[Black "Braun, Marek"]
[Result "1/2-1/2"]
[WhiteElo "1816"]
[BlackElo "1885"]
[PlyCount "55"]
[EventDate "2006.03.11"]
[EventType "swiss"]
[EventRounds "9"]
[EventCountry "CZE"]
[SourceTitle "EXT 2008"]
[Source "ChessBase"]
[SourceDate "2007.11.25"]
[SourceVersion "1"]
[SourceVersionDate "2007.11.25"]
[SourceQuality "1"]

1. e4 c5 2. Nf3 d6 3. d4 cxd4 4. Nxd4 Nf6 5. Nc3 a6 6. Be3 Qc7 7. Be2 e6 8. 0-0 Be7 9. f4 b5 10. Bf3 Bb7 11. e5 dxe5 12. Bxb7 Qxb7 13. fxe5 Nd5 14. Qf3 0-0 15. Rad1 Bc5 16. Nf5 Bxe3+ 17. Nxe3 Nc6 18. Nexd5 exd5 19. Nxd5 Qa7+ 20. Kh1 Nxe5 21. Qg3 Ng6 22. h4 Qb8 23. Qg4 Ne5 24. Qg3 Ng6 25. Qg4 Ne5 26. Qg5 h6 27. Qg3 Ng6 28. Qg4 1/2-1/2

[Event "CZE-ch U12"]
[Site "Zlate Hory"]
[Date "2006.03.14"]
[Round "5"]
[White "Balacek, Tadeas"]
[Black "Bujnosek, Tomas"]
[Result "1-0"]
[WhiteElo "1811"]
[BlackElo "1816"]
[PlyCount "35"]
[EventDate "2006.03.11"]
[EventType "swiss"]
[EventRounds "9"]
[EventCountry "CZE"]
[SourceTitle "EXT 2008"]
[Source "ChessBase"]
[SourceDate "2007.11.25"]
[SourceVersion "1"]
[SourceVersionDate "2007.11.25"]
[SourceQuality "1"]

1. e4 e5 2. Nf3 Nc6 3. Nc3 Nf6 4. Bb5 Bb4 5. 0-0 0-0 6. d3 d6 7. Bg5 Be6 8. Nd5 Bxd5 9. exd5 Nd4 10. Nxd4 exd4 11. Qf3 Kh8 12. Rac1 a6 13. Ba4 Rg8 14. c3 dxc3 15. bxc3 Bc5 16. d4 Bb6 17. Rfe1 h6 18. Bc2 1-0

[Event "CZE-ch U12"]
[Site "Zlate Hory"]
[Date "2006.03.14"]
[Round "4"]
[White "Bujnosek, Tomas"]
[Black "Vachal, Pavel"]
[Result "1-0"]
[WhiteElo "1816"]
[BlackElo "1679"]
[PlyCount "61"]
[EventDate "2006.03.11"]
[EventType "swiss"]
[EventRounds "9"]
[EventCountry "CZE"]
[SourceTitle "EXT 2008"]
[Source "ChessBase"]
[SourceDate "2007.11.25"]
[SourceVersion "1"]
[SourceVersionDate "2007.11.25"]
[SourceQuality "1"]

1. e4 e5 2. Nf3 Nc6 3. Nc3 Nf6 4. Bb5 Bb4 5. 0-0 0-0 6. Re1 d6 7. h3 Bxc3 8. bxc3 Qe7 9. Ba3 Nd7 10. d4 Rd8 11. Qe2 a6 12. Bc4 Nb6 13. Bb3 a5 14. Rad1 a4 15. Bd5 Nd7 16. Qd2 Na5 17. c4 c6 18. Bb4 cxd5 19. Bxa5 b6 20. Bb4 dxc4 21. dxe5 Nxe5 22. Nxe5 Qxe5 23. Bxd6 Qf6 24. e5 Qg6 25. Re3 Bb7 26. Rg3 Qh5 27. Re1 h6 28. Qd4 b5 29. e6 f6 30. Qxf6 g5 31. Be5 1-0

[Event "CZE-ch U12"]
[Site "Zlate Hory"]
[Date "2006.03.13"]
[Round "3"]
[White "Volcik, Ludek"]
[Black "Bujnosek, Tomas"]
[Result "0-1"]
[WhiteElo "1529"]
[BlackElo "1816"]
[PlyCount "76"]
[EventDate "2006.03.11"]
[EventType "swiss"]
[EventRounds "9"]
[EventCountry "CZE"]
[SourceTitle "EXT 2008"]
[Source "ChessBase"]
[SourceDate "2007.11.25"]
[SourceVersion "1"]
[SourceVersionDate "2007.11.25"]
[SourceQuality "1"]

1. e4 e5 2. Nf3 Nc6 3. Bc4 Bc5 4. c3 Nf6 5. d4 exd4 6. 0-0 0-0 7. cxd4 Bb6 8. Nc3 h6 9. e5 Nh7 10. Bf4 d6 11. exd6 cxd6 12. d5 Ne7 13. Nb5 Bc5 14. a3 a6 15. Nc3 Nf6 16. b4 Bb6 17. h3 Bf5 18. Bb3 Rc8 19. Ne2 Ng6 20. Bh2 Re8 21. Ned4 Be4 22. Nc2 Rc3 23. Nce1 Qc7 24. Bg3 Nh5 25. Ba4 Nxg3 26. Bxe8 Nxf1 27. Kxf1 Nf4 28. Qd2 Qc4+ 29. Kg1 Bxf3 30. Nxf3 Rc2 31. Qe1 Bxf2+ 32. Qxf2 Rxf2 33. Kxf2 Qe2+ 34. Kg3 g5 35. Bxf7+ Kxf7 36. Rg1 Qc4 37. Rd1 Nh5+ 38. Kh2 Qf4+ 0-1

[Event "CZE-ch U12"]
[Site "Zlate Hory"]
[Date "2006.03.12"]
[Round "2"]
[White "Bujnosek, Tomas"]
[Black "Boran, Tomas"]
[Result "1-0"]
[WhiteElo "1816"]
[BlackElo "1818"]
[PlyCount "78"]
[EventDate "2006.03.11"]
[EventType "swiss"]
[EventRounds "9"]
[EventCountry "CZE"]
[SourceTitle "EXT 2008"]
[Source "ChessBase"]
[SourceDate "2007.11.25"]
[SourceVersion "1"]
[SourceVersionDate "2007.11.25"]
[SourceQuality "1"]

1. e4 c5 2. Nf3 Nc6 3. d4 cxd4 4. Nxd4 Nf6 5. Nc3 e6 6. Bg5 Bb4 7. Ndb5 Qa5 8. Bxf6 gxf6 9. a3 Bxc3+ 10. Nxc3 0-0 11. Bd3 b6 12. Qf3 Qg5 13. h4 Qg7 14. 0-0-0 Ne5 15. Qe2 Kh8 16. Rdg1 Qg4 17. Qe3 Nxd3+ 18. Qxd3 Qf4+ 19. Kb1 Rg8 20. Qd4 Qe5 21. Qe3 Bb7 22. f4 Qc5 23. Qe2 Rg3 24. Qe1 Rag8 25. Qd2 Bc6 26. h5 Qe3 27. Qxe3 Rxe3 28. g3 Bxe4 29. Nxe4 Rxe4 30. h6 Re3 31. Rh3 e5 32. fxe5 fxe5 33. Rf1 Rf8 34. Rh5 d6 35. Rhf5 Rxg3 36. Rxf7 Rxf7 37. Rxf7 Kg8 38. Rxa7 Rg1+ 39. Ka2 Rg6 1-0

[Event "CZE-ch U12"]
[Site "Zlate Hory"]
[Date "2006.03.11"]
[Round "1"]
[White "Musil, Jiri"]
[Black "Bujnosek, Tomas"]
[Result "1-0"]
[WhiteElo "1530"]
[BlackElo "1816"]
[PlyCount "155"]
[EventDate "2006.03.11"]
[EventType "swiss"]
[EventRounds "9"]
[EventCountry "CZE"]
[SourceTitle "EXT 2008"]
[Source "ChessBase"]
[SourceDate "2007.11.25"]
[SourceVersion "1"]
[SourceVersionDate "2007.11.25"]
[SourceQuality "1"]

1. e4 e5 2. Nf3 Nc6 3. Bb5 a6 4. Ba4 Nf6 5. 0-0 d6 6. d3 b5 7. Bb3 Bg4 8. c3 Be7 9. h3 Bh5 10. Be3 0-0 11. Nbd2 Qd7 12. Qc1 Bg6 13. Nh4 Bh5 14. Nf5 Na5 15. Nxe7+ Qxe7 16. Bd1 Bg6 17. Bg5 h6 18. Bh4 Nb7 19. Nf3 Nc5 20. Be2 Ne6 21. Bxf6 Qxf6 22. g3 Bh5 23. Qe3 Rfe8 24. Nh4 Bxe2 25. Qxe2 Nf4 26. Qg4 h5 27. Qd1 Nxh3+ 28. Kg2 Nf4+ 29. gxf4 Qxh4 30. Rh1 Qg4+ 31. Qxg4 hxg4 32. fxe5 dxe5 33. Rh4 g6 34. Rxg4 Kg7 35. Rh4 Rh8 36. Rah1 Rxh4 37. Rxh4 Rd8 38. Rh3 c5 39. Kf1 c4 40. Ke2 Kf6 41. b3 Rc8 42. dxc4 bxc4 43. b4 a5 44. b5 Rb8 45. a4 Ke6 46. Rh1 f5 47. Rh6 Kf6 48. exf5 Kxf5 49. Rh7 g5 50. Rc7 e4 51. Rxc4 g4 52. Rc7 Ke5 53. Ke3 Rd8 54. Re7+ Kf5 55. Rxe4 Rc8 56. Kd3 Rd8+ 57. Rd4 Rc8 58. c4 Rh8 59. b6 Ke5 60. Rd5+ Ke6 61. b7 Rb8 62. Rb5 Kd6 63. Ke4 Kc6 64. Kf4 Rxb7 65. Rxb7 Kxb7 66. Kxg4 Kc6 67. f4 Kc5 68. f5 Kxc4 69. f6 Kb4 70. f7 Kxa4 71. f8Q Kb3 72. Qb8+ Ka3 73. Qb1 a4 74. Qa1+ Kb3 75. Kf4 a3 76. Ke3 a2 77. Kd3 Ka3 78. Kc4 1-0

[Event "Huty op"]
[Site "Huty"]
[Date "2005.06.24"]
[Round "5"]
[White "Bujnosek, Tomas"]
[Black "Sebo, Viktor"]
[Result "1-0"]
[WhiteElo "1402"]
[BlackElo "1465"]
[PlyCount "61"]
[EventDate "2005.06.20"]
[EventType "swiss"]
[EventRounds "7"]
[EventCountry "SVK"]
[SourceTitle "EXT 2009"]
[Source "ChessBase"]
[SourceDate "2008.11.26"]
[SourceVersion "1"]
[SourceVersionDate "2008.11.26"]
[SourceQuality "1"]

1. e4 e5 2. Nf3 Nc6 3. Nc3 Nf6 4. Bb5 a6 5. Bxc6 dxc6 6. Nxe5 Nxe4 7. Nxe4 Qd4 8. 0-0 Qxe5 9. Re1 Be6 10. d4 Qd5 11. Bg5 f6 12. Bxf6 Qf5 13. Ng5 gxf6 14. Nxe6 Kd7 15. Nc5+ Bxc5 16. dxc5+ Qd5 17. Qg4+ f5 18. Qg7+ Kd8 19. Qxh8+ Kd7 20. Qxa8 Qxc5 21. Qe8+ Kd6 22. Rad1+ Qd5 23. Qd8+ Kc5 24. Rxd5+ cxd5 25. Qxc7+ Kd4 26. c3+ Kd3 27. Qe5 Kc4 28. b3+ Kb5 29. Qc7 b6 30. a3 d4 31. Re5# 1-0

[Event "Huty op"]
[Site "Huty"]
[Date "2005.06.22"]
[Round "3"]
[White "Bujnosek, Tomas"]
[Black "Pavelek, Tomas"]
[Result "1/2-1/2"]
[WhiteElo "1402"]
[BlackElo "1567"]
[PlyCount "52"]
[EventDate "2005.06.20"]
[EventType "swiss"]
[EventRounds "7"]
[EventCountry "SVK"]
[SourceTitle "EXT 2009"]
[Source "ChessBase"]
[SourceDate "2008.11.26"]
[SourceVersion "1"]
[SourceVersionDate "2008.11.26"]
[SourceQuality "1"]

1. e4 c5 2. Nf3 d6 3. d4 cxd4 4. Nxd4 Nf6 5. Nc3 g6 6. Bg5 Bg7 7. Bb5+ Bd7 8. Qd3 0-0 9. Bc4 Nc6 10. Nf3 Bg4 11. Rc1 Rc8 12. Bb3 Bxf3 13. Qxf3 Nd4 14. Qd3 Ng4 15. 0-0 Ne5 16. Qe3 Qd7 17. Nd5 Rfe8 18. c3 Nxb3 19. axb3 f6 20. Bf4 e6 21. Nb4 f5 22. Bxe5 dxe5 23. Rcd1 Qf7 24. Qxa7 f4 25. Qa1 f3 26. Rd3 fxg2 1/2-1/2